Innovaciones en las Universidades Nicaragüenses.
| Main Author: | |
|---|---|
| Format: | Section = Libro |
| Language: | Undetermined Spanish |
| Published: |
Nicaragua
CNU
2010
|
| Subjects: |
| LEADER | 00579nam a2200205Ia 4500 | ||
|---|---|---|---|
| 008 | 240830s9999 xx 000 0 und d | ||
| 020 | |a 978-99924-1-010-3 | ||
| 040 | |a B-ESTELÍ- RUACS / 378 C397 | ||
| 041 | |a spa | ||
| 082 | |a 378 C397 | ||
| 100 | 1 | |a Consejo Nacional de Universidades. | |
| 245 | 1 | 0 | |a Innovaciones en las Universidades Nicaragüenses. |
| 260 | |a Nicaragua |b CNU |c 2010 | ||
| 300 | |a 344 p.:il | ||
| 650 | 7 | |a EDUCACIÓN SUPERIOR | |
| 650 | 7 | |b INNOVACIONES EDUCATIVAS | |
| 650 | 7 | |c INNOVACIONES TECNOLOGICAS Coaut | |
| 942 | |c BK |2 ddc | ||
| 991 | |a TEXTO | ||
| 999 | |c 10833 | ||